[Event "CZE-ch U10"]
[Site "Teplice"]
[Date "2023.11.16"]
[Round "4"]
[White "Rawlings, Benjamin"]
[Black "Tomes, Jan"]
[Result "1/2-1/2"]
[WhiteElo "1000"]
[BlackElo "1050"]
[PlyCount "67"]
[EventDate "2023.11.15"]
[EventType "swiss"]
[EventRounds "9"]
[EventCountry "CZE"]
[SourceTitle "CB47_2023"]
[SourceDate "2023.11.22"]
[SourceVersion "1"]
[SourceVersionDate "2023.11.22"]
[SourceQuality "1"]

1. e4 e5 2. Nf3 Nc6 3. Bc4 Nf6 4. Ng5 d5 5. exd5 Na5 6. Bb3 Nxb3 7. axb3 Nxd5 8. Nf3 f6 9. 0-0 Be7 10. Re1 0-0 11. d4 exd4 12. Qxd4 c6 13. Rd1 Be6 14. Re1 Bf7 15. c4 Bb4 16. Bd2 Bxd2 17. Nbxd2 Nc7 18. Qxd8 Rfxd8 19. Re7 Rdc8 20. Ne4 Kf8 21. Rd7 Be6 22. Rd6 Ke7 23. Rdd1 Rd8 24. Nc5 Rxd1+ 25. Rxd1 Rd8 26. Rxd8 Kxd8 27. Nxb7+ Kd7 28. Nc5+ Kd6 29. Nxe6 Kxe6 30. Nd4+ Kd6 31. Nf5+ Kc5 32. Kf1 Kb4 33. Ne7 c5 34. Nc6+ 1/2-1/2